000 00661nam a22002177a 4500
999 _c17648
_d17648
003 AR-CdUCM
008 190509b ||||| |||| 00| 0 spa d
040 _aMUNICIPALIDAD PROVINCIAL DEL CUSCO
_cBIBLIOTECA MUNICIPAL DEL CUSCO
041 _hfr.
082 _a104 /
_bR46
100 _aRevel, Jean-Francois
_937784
245 _a¿Para que filósofos ?
260 _aCaracas :
_bUniversidad Central de Venezuela
_c1962.
300 _a192 paginas ;
_c17 cm.
440 _aAvance
_n1
_937785
650 _aPensadores
_92285
650 _aFilosóficos
_937786
700 _aJuan A. Nuño (traductor)
_937787
942 _2ddc
_cLIBROS
945 _arjall
_d2019-05-09